000 00342nam a2200157Ia 4500
008 220204s9999 xx 000 0 und d
082 _a575
_bALT
245 0 _aGenetics
250 _aRev
260 _aCalcutta
_bOxford&IBH
_c1945
650 _aBreeding
650 _aGenetics
650 _aHeredity
700 _aALTERNBURG
942 _cBK
999 _c22699
_d22699